| Tag |
First Indicator |
Second Indicator |
Subfields |
| LEADER |
00000cam a2200000Ii 4500 |
| 001 |
in00004025921 |
| 005 |
20200902094606.0 |
| 008 |
180515s2018 enk b 000 0 eng d |
| 035 |
|
|
|a (OCoLC)on1035291136
|
| 040 |
|
|
|a YDX
|e rda
|c YDX
|d COO
|d BDX
|
| 020 |
|
|
|a 1108438458
|q paperback
|
| 020 |
|
|
|a 9781108438452
|q paperback
|
| 050 |
|
4 |
|a PN1009.A1
|b T47 2018
|
| 082 |
0 |
|
|a 809.89282
|2 23
|
| 049 |
|
|
|a TXAM
|
| 100 |
1 |
|
|a Terras, Melissa M.,
|e author.
|
| 245 |
1 |
0 |
|a Picture-book professors :
|b academia and children's literature /
|c Melissa M. Terras.
|
| 264 |
|
1 |
|a Cambridge ;
|a New York :
|b Cambridge University Press,
|c 2018.
|
| 300 |
|
|
|a 211 pages ;
|c 18 cm.
|
| 336 |
|
|
|a text
|b txt
|2 rdacontent
|
| 337 |
|
|
|a unmediated
|b n
|2 rdamedia
|
| 338 |
|
|
|a volume
|b nc
|2 rdacarrier
|
| 490 |
1 |
|
|a Cambridge elements. Elements in publishing and book culture
|
| 504 |
|
|
|a Includes bibliographical references.
|
| 520 |
|
|
|a How is academia portrayed in children's literature? This Element ambitiously surveys fictional professors in texts marketed towards children, who are overwhelmingly white and male, tending to be elderly scientists. Professors fall into three stereotypes: the vehicle to explain scientific facts, the baffled genius, and the evil madman. By the late twentieth century, the stereotype of the male, mad, muddlehead, called Professor SomethingDumb, is formed in humorous yet pejorative fashion. This Element provides a publishing history of the role of academics in children's literature, questioning the book culture which promotes the enforcement of stereotypes regarding intellectual expertise in children's media. This title is also available, with additional material, as Open Access.
|
| 650 |
|
0 |
|a Children's literature
|x History and criticism.
|
| 650 |
|
0 |
|a College teachers in literature.
|
| 650 |
|
0 |
|a Stereotypes (Social psychology) in literature.
|
| 650 |
|
0 |
|a Children's literature
|x Publishing.
|
| 830 |
|
0 |
|a Cambridge elements.
|
| 945 |
|
|
|b 837721
|
| 947 |
|
|
|a A14850561136
|
| 948 |
|
|
|a cataloged
|b h
|c 2020/9/2
|d c
|e dmitchel
|f 9:44:28 am
|
| 994 |
|
|
|a 92
|b TXA
|
| 999 |
f |
f |
|s 0a68e995-19d5-3e63-9f26-6f059f4ac69d
|i 4a8f7462-54d6-3f9b-bdcf-91052b42c97f
|t 0
|
| 952 |
f |
f |
|p normal
|a Texas A&M University
|b College Station
|c Sterling C. Evans Library
|d Evans: Library Stacks
|t 0
|e PN1009.A1 T47 2018
|h Library of Congress classification
|i unmediated -- volume
|m A14850561136
|
| 998 |
f |
f |
|a PN1009.A1 T47 2018
|t 0
|l Evans: Library Stacks
|